000 00895nam a2200229Ii 4500
003 JO-AjNU
008 230605s9999||||xx |||||||||||||| ||und||
017 _a17306
020 _a977-379-012-8
040 _aJO-AjNU
_bara
_erda
_cJO-AjNU
041 _aara
050 1 4 _aKBP3405.S42.2007
100 3 _a شحاتة ، محمد السانوسى محمد ,
_eauthor
_931960
245 0 0 _aالتجارة الدولية في ضوء الفقة الإسلامي وإتفاقيات الجات " دراسة مقارنة "
250 _a(د،ط)
264 3 1 _aعمان : دار الفكر الجامعى ، 2007
300 _a418ص
_bيشتمل على قائمة المصادر ص ( 358 - 410 )
336 _atext
_btxt
_2rdacontent
337 _aunmediated
_bn
_2rdamedia
338 _avolume
_bnc
_2rdacarrier
650 4 _aتجارة دولية -- فقة اسلامي -- اتفاقيات
_931961
999 _aA12843
_c16411
_d16411